000 00404nam a22001577a 4500
999 _c258896
_d258895
003 OSt
005 20200728102218.0
008 200728b xxu||||| |||| 00| 0 eng d
020 _a9780323032094
040 _cN/A
100 _aMarcia Stanhope et al
245 _aFoundation of nursing in the community
250 _aSecond edition
260 _aPhiladelphia
_bMosby Elsevier
_c2006
942 _2lcc
_cBK